| 000 | 00504cam a2200205ua 4500 | ||
|---|---|---|---|
| 001 | 10270 | ||
| 005 | 20260515114611.0 | ||
| 008 | 180221n ii |||gr||||Z||||||eng | ||
| 020 | _a9789384303556 | ||
| 040 | _cMAIN | ||
| 082 | _a657.45 | ||
| 100 |
_aAgarwal, Vikash, _eAuthor. |
||
| 245 |
_aAuditing _cBy Vikash Agarwal |
||
| 250 | _a1st ed. | ||
| 260 |
_aDibrugarh: _bMahaveer publications, _c2016. |
||
| 300 | _a170p. | ||
| 653 | _aAccounting | ||
| 700 |
_aAgarwal, Vineeta, _eAuthor. |
||
| 942 | _cBK | ||
| 999 |
_c9256 _d9256 |
||